000 00902nam a2200253Ia 4500
005 20250425161924.0
008 250425s9999 xx 000 0 und d
020 _a8471146142
041 _aspa
082 _a634
100 _aFERNANDEZ ESCOBAR, R
245 0 _aPLANIFICACION Y DISEÑO DE PLANTACIONES FRUTALES
250 _a2A ED.
260 _aEspaña
_bMUNDI PRENSA
_c1996
260 _aMADRID
300 _a220
500 _aEN CINGZ-FIMCP DD-30305, D-30568 PARA ING. AGROP.
520 _aEL ESTABLECIMIENTO DE UNA PLANTACION ES UNA OPERACION QUE EXIGE UNA INVERSION ELEVADA, CUYOS PRIMEROS BENEFICIOS SOLO SE PERCIBEN CUANDO HAN TRANSCURRIDO ALGUNOS AÑOS DESPUES DE SU REALIZACION. EN UNA INVERSION DE ESTE TIPO SE REQUIERE DE UN ESTUDIO CUID
650 _aPLANTACIONES FRUTALES
650 _aSISTEMAS DE RIEGO
650 _aSUELO AGRICOLA
942 _c01
010 _a35045
999 _c218916
_d218916